HISTORY OF INDIAN ARCHECTURE BUDDHIST JAIN AND HINDU PERIOD PB 2014 / (Record no. 589841)

000 -LEADER
fixed length control field 00369nam a22001337a 4500
020 ## - INTERNATIONAL STANDARD BOOK NUMBER
Qualifying information PB.
040 ## - CATALOGING SOURCE
Transcribing agency FIZZA ISHAQ
082 ## - DEWEY DECIMAL CLASSIFICATION NUMBER
Classification number 686.2
Author Mark COL.
100 ## - MAIN ENTRY--PERSONAL NAME
Personal name KHAN,MUHAMMAD COL.
9 (RLIN) 46978
245 ## - TITLE STATEMENT
Title HISTORY OF INDIAN ARCHECTURE BUDDHIST JAIN AND HINDU PERIOD PB 2014 /
Statement of responsibility, etc. COL.MUHAMMAD KHAN.
260 ## - PUBLICATION, DISTRIBUTION, ETC.
Place of publication, distribution, etc. CBS PUBLISHER ;
Date of publication, distribution, etc. 2014.
300 ## - PHYSICAL DESCRIPTION
Extent 160 P. ;
942 ## - ADDED ENTRY ELEMENTS (KOHA)
Source of classification or shelving scheme
Koha item type Book
Holdings
Withdrawn status Lost status Source of classification or shelving scheme Damaged status Not for loan Permanent Location Current Location Date acquired Total Checkouts Full call number Barcode Date last seen Price effective from Koha item type
          NUST Baluchistan Campus (NBC) NUST Baluchistan Campus (NBC) 05/20/2022   686.2 COL. Q-4185 08/17/2023 05/20/2022 Book
© 2023 Central Library, National University of Sciences and Technology. All Rights Reserved.